000 01060nam a2200325 i 4500
003 EG-GICUC
005 20260427082102.0
008 260427s1971 it |||fr|||| 001 0 ita d
040 _aEG-GiCUC
_bita
_cEG-GiCUC
_dEG-GiCUC
_erda
041 _aita
082 0 4 _221
_a343.7
_bRA . C
092 0 4 _221
099 _aLaw1 10 343.7 RA . C 1971
100 1 _aRamacci, Fabrizio.
_eAuthor.
245 1 3 _aLe condizioni obiettive di punibilità /
_cFabrizio Ramacci.
264 1 _aNapoli :
_bE Jovene,
_c1971.
300 _a245 pages ;
_c24 cm
336 _2rda content
_atext
337 _2rda media
_aComputer
338 _2rda carrier
_aOnline Resource
490 1 _aPUBBLICAZIONI DELLA FACOLTA GIURIDICA DELL'UNIVERSITÀ DI NAPOLI
_vCXXXII
500 _aInclude Index.
546 _a Text in Italian
650 1 4 _aPenology
_2qrmak
651 1 _2qrmak
830 0 _aPUBBLICAZIONI DELLA FACOLTA GIURIDICA DELL'UNIVERSITÀ DI NAPOLI
_vCXXXII
856 4 0 _uhttps://fll.law.cu.edu.eg/fulltext/bks/B10-11255.pdf
905 _a161
942 _2ddc
_cBK
_e21
_n0
999 _c73539
_d73539